MARC details
| 000 -LEADER |
| fixed length control field |
02425cam a22003734a 4500 |
| 001 - CONTROL NUMBER |
| control field |
6367 |
| 003 - CONTROL NUMBER IDENTIFIER |
| control field |
BD-DhEWU |
| 005 - DATE AND TIME OF LATEST TRANSACTION |
| control field |
20181120155543.0 |
| 008 - FIXED-LENGTH DATA ELEMENTS--GENERAL INFORMATION |
| fixed length control field |
030602s20072004ii a g b 001 0 eng d |
| 020 ## - INTERNATIONAL STANDARD BOOK NUMBER |
| International Standard Book Number |
817758071X |
|
| International Standard Book Number |
9788177580716 |
|
| International Standard Book Number |
0130661848 (case) |
| 035 ## - SYSTEM CONTROL NUMBER |
| System control number |
(OCoLC)271316661 |
| 040 ## - CATALOGING SOURCE |
| Original cataloging agency |
DLC |
| Transcribing agency |
DLC |
| Modifying agency |
DLC |
| -- |
BD-DhEWU |
| Language of cataloging |
eng |
| 041 ## - LANGUAGE CODE |
| Language code of text/sound track or separate title |
eng |
| 050 00 - LIBRARY OF CONGRESS CALL NUMBER |
| Classification number |
HD38.5 |
| Item number |
.B35 2004 |
| 082 04 - DEWEY DECIMAL CLASSIFICATION NUMBER |
| Classification number |
658.7 |
| Item number |
BAB 2004 |
| 100 1# - MAIN ENTRY--PERSONAL NAME |
| Personal name |
Ballou, Ronald H., |
| 9 (RLIN) |
11528 |
| 245 10 - TITLE STATEMENT |
| Title |
Business logistics/supply chain management : |
| Remainder of title |
planning, organizing, and controlling the supply chain / |
| Statement of responsibility, etc |
Ronald H. Ballou. |
| 250 ## - EDITION STATEMENT |
| Edition statement |
5th ed. |
| 260 ## - PUBLICATION, DISTRIBUTION, ETC. (IMPRINT) |
| Place of publication, distribution, etc |
Upper Saddle River, N.J. : |
| Name of publisher, distributor, etc |
Pearson/Prentice Hall, |
| Date of publication, distribution, etc |
c2004. |
| 300 ## - PHYSICAL DESCRIPTION |
| Extent |
xxii, 789 p. : |
| Other physical details |
ill. ; |
| Dimensions |
25 cm. + |
| 500 ## - GENERAL NOTE |
| General note |
Rev. ed. of: Business logistics management. 4th ed. c1999. |
| 504 ## - BIBLIOGRAPHY, ETC. NOTE |
| Bibliography, etc |
Includes bibliographical references (p. 766-770) and indexes. |
| 505 ## - FORMATTED CONTENTS NOTE |
| Title |
TOC |
| Formatted contents note |
Pt. I. Introduction and Planning --<br/>Ch. 1. Business Logistics/Supply Chain - A Vital Subject --<br/>Ch. 2. Logistics/Supply Chain Strategy and Planning --<br/>Pt. II. Customer Service Goals --<br/>Ch. 3. The Logistics/Supply Chain Product --<br/>Ch. 4. Logistics/Supply Chain Customer Service --<br/>Ch. 5. Order Processing and Information Systems --<br/>Pt. III. Transport Strategy --<br/>Ch. 6. Transport Fundamentals --<br/>Ch. 7. Transport Decisions --<br/>Pt. IV. Inventory Strategy --<br/>Ch. 8. Forecasting Supply Chain Requirements Ch. 9. Inventory Policy Decisions --<br/>Ch. 10. Purchasing and Supply Scheduling Decisions --<br/>Ch. 11. The Storage and Handling System --<br/>Ch. 12. Storage and Handling Decisions --<br/>Pt. V. Location Strategy --<br/>Ch. 13. Facility Location Decisions --<br/>Ch. 14. The Network Planning Process --<br/>Pt. VI. Organization and Control --<br/>Ch. 15. Logistics/Supply Chain Organization --<br/>Ch. 16. Logistics/Supply Chain Control --<br/>App. A. Areas Under the Standardized Normal Distribution --<br/>App. B. Unit Normal Loss Integrals. |
| 526 ## - STUDY PROGRAM INFORMATION NOTE |
| Program name |
BA |
| 590 ## - LOCAL NOTE (RLIN) |
| Local note |
Sagar Shahanawaz |
| 650 #0 - SUBJECT ADDED ENTRY--TOPICAL TERM |
| Topical term or geographic name as entry element |
Business logistics. |
| 9 (RLIN) |
11529 |
| 700 1# - ADDED ENTRY--PERSONAL NAME |
| Personal name |
Ballou, Ronald H., |
| Dates associated with a name |
1937- |
| Title of a work |
Business logistics management. |
| 9 (RLIN) |
11530 |
| 856 42 - ELECTRONIC LOCATION AND ACCESS |
| Materials specified |
WorldCat details |
| Uniform Resource Identifier |
http://www.worldcat.org/title/business-logisticssupply-chain-management-planning-organizing-and-controlling-the-supply-chain/oclc/271316661&referer=brief_results |
| 942 ## - ADDED ENTRY ELEMENTS (KOHA) |
| Source of classification or shelving scheme |
Dewey Decimal Classification |
| Koha item type |
Text |
| Koha issues (borrowed), all copies |
8 |